| 000 | 01132nam a22002777a 4500 | ||
|---|---|---|---|
| 005 | 20110420110421.0 | ||
| 008 | 110420t xxu||||| |||| 00| 0 eng d | ||
| 010 | _aENG-102245 | ||
| 020 |
_a9780071074827 _c525.00 |
||
| 020 |
_a0071074821 _c525.00 |
||
| 035 | _aEN-85778 | ||
| 037 | _bDBAD/PUB | ||
| 040 |
_adpl _bEnglish |
||
| 082 | _a350 | ||
| 100 |
_aLaxmikanth, M. _927344 |
||
| 245 |
_aPublic administration for the UPSC and State Civil Services Preliminary Examinations / _cby M. Laxmikanth |
||
| 260 |
_aNew Delhi _bTata McGraw-Hill Publishing _c2011 |
||
| 270 |
_a7 West Patel Nagar, _bNew Delhi _e110008 |
||
| 300 |
_axvi, 982p. _c24cm (pbk) |
||
| 490 |
_aTata McGraw-Hill's winning edge series _91235 |
||
| 650 |
_a UPSC and State Civil Services Preliminary Examinations _927345 |
||
| 650 |
_aPublic administration _xExamination, question, etc. _927346 |
||
| 942 |
_2ddc _cEN _h350 _mLAX |
||
| 999 |
_c51692 _d51692 |
||